Kuiemuxa : (Record no. 213877)

MARC details
000 -CABECERA
campo de control de longitud fija 00983cam a22002657a 4500
003 - IDENTIFICADOR DEL NÚMERO DE CONTROL
campo de control MX-MxUPN
005 - FECHA Y HORA DE LA ÚLTIMA TRANSACCIÓN
campo de control 20260430150311.0
008 - ELEMENTOS DE LONGITUD FIJA--INFORMACIÓN GENERAL
campo de control de longitud fija 250826s2012 mx|a|||| |||| 000 0 spa d
020 ## - NÚMERO INTERNACIONAL NORMALIZADO PARA LIBROS
Número Internacional Estándar del Libro 9786074259865
040 ## - FUENTE DE LA CATALOGACIÓN
Centro catalogador/agencia de origen MX-MxUPN
Lengua de catalogación spa
041 0# - CÓDIGO DE IDIOMA
Código de lengua del texto/banda sonora o título independiente spa
-- Wixárika
050 #4 - SIGNATURA TOPOGRÁFICA DE LA BIBLIOTECA DEL CONGRESO
Número de clasificación SB251 M6
Número de documento/Ítem P47 2012
100 1# - ASIENTO PRINCIPAL--NOMBRE PERSONAL
Nombre de persona Mendoza Pérez, Claudia
9 (RLIN) 59463
100 1# - ASIENTO PRINCIPAL--NOMBRE PERSONAL
Nombre de persona Tovar Gómez, Ma. del Rosario
9 (RLIN) 59464
100 1# - ASIENTO PRINCIPAL--NOMBRE PERSONAL
Nombre de persona Avilés Quezada, María Victoria
9 (RLIN) 37359
100 1# - ASIENTO PRINCIPAL--NOMBRE PERSONAL
Nombre de persona Tovar Gómez, Marcela
9 (RLIN) 40914
100 1# - ASIENTO PRINCIPAL--NOMBRE PERSONAL
Nombre de persona Guzmán Mayo, Josué
9 (RLIN) 59465
245 10 - MENCIÓN DE TÍTULO
Título Kuiemuxa :
Resto del título algodón nativo de México = Kuiemuxa : yeutánaka Mekiku muti y+y+ra
250 ## - MENCIÓN DE EDICIÓN
Mención de edición Primera edición
260 ## - PUBLICACIÓN, DISTRIBUCIÓN, ETC.
Lugar de publicación, distribución, etc. Tepatitlán de Morelos, Jalisco :
Nombre del editor, distribuidor, etc. Instituto Nacional de Investigaciones Forestales, Agrícolas y Pecuarias ,
Fecha de publicación, distribución, etc. 2012
300 ## - DESCRIPCIÓN FÍSICA
Extensión 36 páginas :
Otras características físicas ilustraciones a color
650 #4 - ASIENTO SECUNDARIO DE MATERIA - TERMINO TEMATICO
Término de materia o nombre geográfico como elemento de entrada Algodón
Subdivisión geográfica México
9 (RLIN) 59462
902 ## - ELEMENTOS DE DATOS B LOCAL, LDB (RLIN)
Creó MarielOrtiz/260825
Modificó VíctorGodínez/300426
942 ## - ELEMENTOS DE PUNTO DE ACCESO ADICIONAL (KOHA)
Fuente del sistema de clasificación o colocación Library of Congress Classification
Tipo de ítem Koha Libro
Holdings
Estado de retiro Estado de pérdida Fuente del sistema de clasificación o colocación Estado dañado No para préstamo Código de colección Localización permanente Ubicación/localización actual Ubicación en estantería Fecha de adquisición Total de préstamos Clasificación Código de barras Fecha visto por última vez Precio válido a partir de Tipo de ítem Koha
    Library of Congress Classification     Colección General Bib. Gregorio Torres Quintero Bib. Gregorio Torres Quintero Planta baja 26/08/2025   SB251 M6 P47 2012 340805 26/08/2025 26/08/2025 Libro